A chance to have a voice: the motivations and experiences of female victim-survivors of domestic, family and sexual violence who joined a lived experience research group
Purpose: Having individuals with lived experience as co-researchers collaborate in research has increasingly become recognized as empowering for those involved and necessary for translational research. However, there has been limited exploration of how lived experience involvement as co-researchers...
| Authors: | ; ; ; |
|---|---|
| Format: | Electronic Article |
| Language: | English |
| Published: |
2025
|
| In: |
Journal of family violence
Year: 2025, Volume: 40, Issue: 8, Pages: 1651-1661 |
| Online Access: |
Volltext (kostenfrei) Volltext (kostenfrei) |
| Check availability: | HBZ Gateway |
| Keywords: |
MARC
| LEADER | 00000naa a22000002c 4500 | ||
|---|---|---|---|
| 001 | 1946194514 | ||
| 003 | DE-627 | ||
| 005 | 20251216105845.0 | ||
| 007 | cr uuu---uuuuu | ||
| 008 | 251216s2025 xx |||||o 00| ||eng c | ||
| 024 | 7 | |a 10.1007/s10896-024-00724-w |2 doi | |
| 035 | |a (DE-627)1946194514 | ||
| 035 | |a (DE-599)KXP1946194514 | ||
| 040 | |a DE-627 |b ger |c DE-627 |e rda | ||
| 041 | |a eng | ||
| 084 | |a 2,1 |2 ssgn | ||
| 100 | 1 | |a Fiolet, Renee |e VerfasserIn |4 aut | |
| 245 | 1 | 2 | |a A chance to have a voice |b the motivations and experiences of female victim-survivors of domestic, family and sexual violence who joined a lived experience research group |c Renee Fiolet, Katie Lamb, Laura Tarzia, Kelsey Hegarty |
| 264 | 1 | |c 2025 | |
| 336 | |a Text |b txt |2 rdacontent | ||
| 337 | |a Computermedien |b c |2 rdamedia | ||
| 338 | |a Online-Ressource |b cr |2 rdacarrier | ||
| 500 | |a Literaturverzeichnis: Seite 1659-1661 | ||
| 520 | |a Purpose: Having individuals with lived experience as co-researchers collaborate in research has increasingly become recognized as empowering for those involved and necessary for translational research. However, there has been limited exploration of how lived experience involvement as co-researchers in design, implementation and dissemination is experienced by those undertaking these influential roles. This study aimed to explore victim-survivors’ (of domestic, family and sexual violence) motivations for joining a lived experience research group and understand their experiences of taking part in setting the research agenda. Methods: Seven in-depth face-to-face interviews took place with women from a lived experience group based at a university. Reflective thematic analysis led to development of four main themes. Results: The first theme, making a difference, speaks to personal reasons that empowered participants to become a part of the new co-researcher group. Having that collective experience explains the benefits victim-survivors experienced from joining the group and shows to the importance of feeling supported by others with similar experiences. Wounds that are still very raw describes the emotional challenges that could arise when committing to the work of a lived experience group and the potential for re-traumatization. Finally, the theme there’s no blueprint for this addresses the innovative work victim-survivors engaged in to build a meaningful, research-active group. Motivation to participate in a lived experience group was influenced by their own past experiences. While having their voices heard was important for some, the stronger desire was to create meaningful change for other victim-survivors. Conclusions: Future research should focus on how to support and meaningfully engage victim-survivors to undertake co-researcher roles, acknowledging the potential for re-traumatization. Future guidelines for establishing lived experience research groups are necessary. | ||
| 650 | 4 | |a Co-design | |
| 650 | 4 | |a Empowerment | |
| 650 | 4 | |a lived experience | |
| 650 | 4 | |a Participation | |
| 650 | 4 | |a Victim-survivors | |
| 700 | 1 | |a Lamb, Katie |e VerfasserIn |4 aut | |
| 700 | 1 | |a Tarzia, Laura |e VerfasserIn |4 aut | |
| 700 | 1 | |a Hegarty, Kelsey |e VerfasserIn |4 aut | |
| 773 | 0 | 8 | |i Enthalten in |t Journal of family violence |d Getzville, NY : HeinOnline, 1986 |g 40(2025), 8, Seite 1651-1661 |h Online-Ressource |w (DE-627)320574547 |w (DE-600)2016884-6 |w (DE-576)121465950 |x 1573-2851 |7 nnas |
| 773 | 1 | 8 | |g volume:40 |g year:2025 |g number:8 |g pages:1651-1661 |
| 856 | |u https://link.springer.com/content/pdf/10.1007/s10896-024-00724-w.pdf |x unpaywall |z Vermutlich kostenfreier Zugang |h publisher [deprecated] | ||
| 856 | 4 | 0 | |u https://doi.org/10.1007/s10896-024-00724-w |x Resolving-System |z kostenfrei |3 Volltext |7 0 |
| 856 | 4 | 0 | |u https://link.springer.com/article/10.1007/s10896-024-00724-w |x Verlag |z kostenfrei |3 Volltext |7 0 |
| 951 | |a AR | ||
| ELC | |a 1 | ||
| LOK | |0 000 xxxxxcx a22 zn 4500 | ||
| LOK | |0 001 4829081139 | ||
| LOK | |0 003 DE-627 | ||
| LOK | |0 004 1946194514 | ||
| LOK | |0 005 20251216095831 | ||
| LOK | |0 008 251216||||||||||||||||ger||||||| | ||
| LOK | |0 040 |a DE-2619 |c DE-627 |d DE-2619 | ||
| LOK | |0 092 |o n | ||
| LOK | |0 852 |a DE-2619 | ||
| LOK | |0 852 1 |9 00 | ||
| LOK | |0 935 |a krzo | ||
| LOK | |0 939 |a 16-12-25 |b l01 | ||
| OAS | |a 1 | ||
| ORI | |a SA-MARC-krimdoka001.raw | ||
